|
|
|
|
| LEADER |
00000cam a2200000 i 4500 |
| 001 |
25151 |
| 005 |
20260324180726.0 |
| 008 |
200917e202009 spc|||| |||||o0|0 d cat|c |
| 015 |
|
|
|a LL2021
|2 bnc
|
| 017 |
|
|
|a DL B 12399-2020
|b Biblioteca de Catalunya
|
| 020 |
|
|
|a 9788418022487
|
| 020 |
|
|
|a 9788498039306
|
| 035 |
|
|
|a (ES-BaCBU).b74448924
|
| 040 |
|
|
|a Es-BaIT
|b cat
|e rda
|c Es-BaIT
|d ES-BaBC
|
| 041 |
1 |
|
|a cat
|h eng
|
| 080 |
|
|
|a 821.111
|x (417)-2
|x "19"
|2 2004
|
| 080 |
|
|
|a 820-2"19"
|
| 100 |
1 |
|
|a McPherson, Conor,
|d 1971-
|e autor
|
| 240 |
1 |
0 |
|a Teatre.
|k Seleccions.
|l Català
|
| 245 |
1 |
0 |
|a Sota el til·ler ;
|b St. Nicholas ; La presa ; El mariner /
|c Conor McPherson ; traducció: Ernest Riera, Gemma Beltran, Maria Causadias, Sílvia Company, Hara Kraan i Marta Mir ; pròleg de Ferran Utzet
|
| 250 |
|
|
|a Primera edició
|
| 264 |
|
1 |
|a Barcelona :
|b Institut del Teatre, Diputació de Barcelona :
|b Comanegra,
|c setembre del 2020
|
| 300 |
|
|
|a 297 pàgines ;
|c 22 cm
|
| 336 |
|
|
|a text
|b txt
|2 rdacontent
|
| 337 |
|
|
|a sense mediació
|b n
|2 rdamedia
|
| 338 |
|
|
|a volum
|b nc
|2 rdacarrier
|
| 490 |
1 |
|
|a Drama-ticles. Antologies dramàtiques ;
|v 7
|
| 700 |
1 |
|
|a Riera, Ernest,
|e traductor
|
| 700 |
1 |
|
|a Beltran, Gemma,
|d 1960-
|e traductor
|9 54011
|
| 700 |
1 |
|
|a Causadias, María,
|e traductor
|
| 700 |
1 |
|
|a Company, Sílvia,
|e traductor
|
| 700 |
1 |
|
|a Kraan, Hara,
|e traductor
|
| 700 |
1 |
|
|a Mir, Marta,
|e traductor
|
| 700 |
1 |
|
|a Utzet, Ferran,
|e escriptor d'un pròleg
|
| 700 |
1 |
2 |
|i Contenidor de (expressió):
|a McPherson, Conor,
|d 1971-.
|t Lime tree.
|l Català
|
| 700 |
1 |
2 |
|i Contenidor de (expressió):
|a McPherson, Conor,
|d 1971-
|t St. Nicholas.
|l Català
|
| 700 |
1 |
2 |
|i Contenidor de (expressió):
|a McPherson, Conor,
|d 1971-
|t Weir.
|l Català
|
| 700 |
1 |
2 |
|i Contenidor de (expressió):
|a McPherson, Conor,
|d 1971-
|t Seafarer.
|l Català
|
| 710 |
2 |
|
|a Institut del Teatre (Barcelona, Catalunya),
|e entitat editora
|9 52662
|
| 740 |
0 |
|
|a St. Nicholas
|
| 740 |
0 |
|
|a Presa
|
| 740 |
0 |
|
|a Mariner
|
| 830 |
|
0 |
|a Dramaticles.
|p Antologies dramàtiques ;
|v 7
|9 53717
|
| 907 |
|
|
|a .b74448924
|b 17-02-21
|c 17-09-20
|d 17-09-20
|e m
|f a
|g -
|h cat
|i spc
|j 0
|k 0
|
| 908 |
|
|
|a CDMAE
|a BC
|
| 940 |
|
|
|a IT
|
| 942 |
|
|
|2 udc
|c ARXIU
|n 1
|
| 952 |
|
|
|0 0
|1 0
|4 0
|6 BIB423
|7 1
|9 60992
|a Arxiu
|b Arxiu
|d 2022-02-14
|l 0
|o Bib-423
|p 25151
|r 2022-02-14 00:00:00
|w 2022-02-14
|y ARXIU
|
| 999 |
|
|
|c 81117
|d 81117
|